Energetická náročnosť v osobní dopravě

Podrobná bibliografia
Hlavný autor: Ströbinger, Josef (Autor)
Médium: Článok
Jazyk:čeština
Fyzický popis:Tb. 6.
Predmet:

MARC

LEADER 00000nab a2200000 a 4500
001 vtls000212401
003 SK-MaSNL
005 20260302203943.0
008 160201c1984 xo 0 cze
015 |a SNBRA19rr/mm-uuuuu 
035 |a CL0222515 
040 |a SNKBUCL  |b slo  |c SNKBUCL  |e AACR2 
041 0 |a cze 
044 |a xo  |c SK 
080 |a 656.138.004(437)  |2 1981 
100 1 |a Ströbinger, Josef  |4 aut  |9 7485 
245 1 0 |a Energetická náročnosť v osobní dopravě  |c Josef Ströbinger ; Jozef Ströbinger 
300 |b Tb. 6. 
650 0 7 |a osobná doprava  |2 snkbucl  |9 68494 
650 0 7 |a spotreba  |2 snkbucl  |9 300790 
655 7 |a články zo zborníkov  |2 snkbucl  |9 166140 
700 1 |a Ströbinger, Josef  |4 aut  |9 7485 
773 0 |t Znižovanie spotreby palív a energie v doprave  |d Žilina : Dom techniky ČSVTS, 1984  |g S. 41-48 
850 |a Slovenská národná knižnica v Martine  |a MTA001 
852 |a SNK  |b KIS3GCP 
958 |a RK 
958 |a CZ 
992 |a RZB 
999 |c 1471242  |d 1473172